|
|
|
|
| LEADER |
00856nam a2200241Ia 4500 |
| 008 |
240830s9999 xx 000 0 und d |
| 040 |
|
|
|a B-ESTELÍ- RUACS / 629.287 A179
|
| 041 |
|
|
|a spa
|
| 082 |
|
|
|a 629.287 A179
|
| 100 |
1 |
|
|a Achsasov, K. A
|
| 100 |
1 |
|
|b Veguera, V. P
|
| 245 |
1 |
0 |
|a Reparación de los aparatos y accesorios de los sistemas de alimentación e hidráulico de los tractores, automóviles y maquinas combinadas.
|
| 260 |
|
|
|a Cuba
|b Pueblo y Educación
|c 1981
|
| 300 |
|
|
|a 374p:il
|
| 650 |
7 |
|
|a INTRODUCCION A LA INGENIERÍA DEL CONTROL AUTOMATICO
|
| 650 |
7 |
|
|b FUNCIONES DE TRANSFERENCIA
|
| 650 |
7 |
|
|c LA ESTABILIDAD
|
| 650 |
7 |
|
|d SERVOSISTEMAS MODULADOS
|
| 650 |
7 |
|
|e MODULO Y ARGUMENTOS DE FUNCIONES COMPLEJAS
|
| 650 |
7 |
|
|f PROGRAMAS PARA OBTENER SOLUCIONES POR COMPUTADORA
|
| 942 |
|
|
|c BK
|2 ddc
|
| 991 |
|
|
|a TEXTO
|
| 999 |
|
|
|c 11302
|